| 000 | 01423nam a2200385 a 4500 | ||
|---|---|---|---|
| 999 |
_c400749 _d400749 |
||
| 003 | BLK | ||
| 005 | 20230920154325.0 | ||
| 008 | 210312b bu |||||r|||| 00| u bu d | ||
| 040 | _aBLK | ||
| 041 |
_aBUL _cBUL |
||
| 072 |
_9178296 _aРА _xРусенски автори |
||
| 080 |
_aБългарска литература _b821.163.2 _x-9 _z821.163.2-9 |
||
| 080 |
_aБългарски поет и писател _b929 Вазов, Иван Минчов _z929 Вазов, Иван Минчов |
||
| 100 |
_aДашков, Тодор Христов _d1890-1965 _9382461 |
||
| 139 |
_aДашков, Тодор Христов _bВ 15 |
||
| 245 | 1 | 0 |
_aИван Вазов _bСатирик-комик-хуморист _cТодор Дашков; съст. Валентина Минкова |
| 257 | _aBGR | ||
| 260 |
_aСопот _bКъща-музей "Иван Вазов" _c2020 _9443105 |
||
| 300 |
_a152 с. _bс ил. _c21 см |
||
| 380 | _aX | ||
| 600 | 0 |
_9363396 _aВазов, Иван Минчов |
|
| 650 | 7 |
_9148657 _aБиографии |
|
| 700 |
_91478 _aМинкова, Валентина _eсъстав. |
||
| 852 | _bО | ||
| 852 |
_bК _c821.163.2-9/В 15 |
||
| 856 | 4 |
_qpdf _i0.00 _ldisable |
|
| 856 | 4 |
_qpdf _i0.00 _ldisable |
|
| 942 |
_cKNG _n0 _s1 _01 |
||
| 944 |
_aCR _c2021-03-12 _k30563 _lИвелин Русев |
||
| 999 | _d400749 | ||
| 999 | _d400749 | ||
| 999 | _d400749 | ||
| 999 | _d400749 | ||
| 999 | _d400749 | ||